[Event "Oberliga Sued W 1112"]
[Site "Germany"]
[Date "2011.10.23"]
[Round "2"]
[White "Bohn, Thomas"]
[Black "Drexel, Christian"]
[Result "1-0"]
[WhiteElo "2340"]
[BlackElo "2132"]
[PlyCount "85"]
[EventDate "2011.09.25"]
[EventType "team-tourn"]
[EventRounds "9"]
[EventCountry "GER"]
[SourceTitle "EXT 2013"]
[Source "ChessBase"]
[SourceDate "2012.11.22"]
[SourceVersion "1"]
[SourceVersionDate "2012.11.22"]
[SourceQuality "1"]
[WhiteTeam "Koblenz"]
[BlackTeam "Frankenthal"]
[WhiteTeamCountry "GER"]
[BlackTeamCountry "GER"]

1. f4 g6 2. Nf3 d5 3. e3 Bg7 4. Be2 Bg4 5. 0-0 e6 6. d3 Ne7 7. Nc3 0-0 8. Qe1 Nd7 9. e4 c6 10. Kh1 Re8 11. Qg3 Bxf3 12. Bxf3 Qb6 13. Nd1 Rad8 14. Be3 Qa6 15. Qf2 f5 16. e5 b6 17. Be2 c5 18. d4 c4 19. Qh4 b5 20. Bd2 Qb6 21. c3 a5 22. Ne3 Nc6 23. g4 Nf8 24. gxf5 exf5 25. Bf3 Ne7 26. Nc2 Rd7 27. a3 Rb8 28. Rg1 Qe6 29. Rg3 Nc6 30. Rh3 Qe7 31. Qf2 Qe6 32. Qg2 Ne7 33. Be1 Kf7 34. Ne3 Rbd8 35. Bh4 Qc6 36. Rg1 Qe6 37. Bg5 Qc6 38. Bxe7 Kxe7 39. Nxf5+ Kf7 40. Nd6+ Rxd6 41. exd6 Qxd6 42. f5 Kg8 43. Rh5 1-0

[Event "Oberliga Sued W 0910"]
[Site "Germany"]
[Date "2010.01.24"]
[Round "5.7"]
[White "Drexel, Christian"]
[Black "Stewart, Neil"]
[Result "0-1"]
[WhiteElo "2162"]
[BlackElo "2327"]
[PlyCount "146"]
[EventDate "2009.10.18"]
[EventType "team-tourn"]
[EventRounds "9"]
[EventCountry "GER"]
[SourceTitle "EXT 2011"]
[Source "ChessBase"]
[SourceDate "2010.11.26"]
[SourceVersion "1"]
[SourceVersionDate "2010.11.26"]
[SourceQuality "1"]
[WhiteTeam "Frankenthal"]
[BlackTeam "Koblenz 25"]
[WhiteTeamCountry "GER"]
[BlackTeamCountry "GER"]

1. e4 e6 2. d4 d5 3. e5 c5 4. c3 Qb6 5. Nf3 Bd7 6. Be2 cxd4 7. cxd4 Bb5 8. 0-0 Bxe2 9. Qxe2 Qa6 10. Qc2 Nd7 11. Nc3 Ne7 12. a3 Nc6 13. Be3 Rc8 14. Rae1 Be7 15. h3 0-0 16. Qe2 Qxe2 17. Rxe2 Nb6 18. Rd1 Na5 19. Rd3 Rc6 20. Bd2 a6 21. g3 Nbc4 22. Be1 b6 23. Nh2 Bd8 24. f4 Nb3 25. Rf2 f5 26. Nf3 Nca5 27. Rg2 b5 28. Na2 Nc1 29. Nxc1 Rxc1 30. Rc3 Rxc3 31. Bxc3 Nc6 32. Rc2 Bb6 33. Kf2 Rc8 34. Bb4 a5 35. Bd6 a4 36. Ke3 h6 37. g4 g6 38. Kd3 Kf7 39. g5 h5 40. Bc5 Ba5 41. Ke3 Nd8 42. Nd2 Bxd2+ 43. Kxd2 Nb7 44. Bb4 Rc4 45. Bc3 Ke8 46. b3 axb3 47. Rb2 Kd7 48. Rxb3 Kc6 49. Kd3 Kb6 50. Bd2 Nd8 51. h4 Nc6 52. Bc3 Ka6 53. Rb1 Nb8 54. Rb3 Nd7 55. Bd2 Nb6 56. Rb4 Na4 57. Rb3 Rc7 58. Rb4 Nb6 59. Rb3 Nc4 60. Bc3 Rc8 61. Bb4 Na5 62. Rb1 Nb7 63. Bc3 Rc4 64. Rb3 Nd8 65. Rb1 Nc6 66. Rb3 Ra4 67. Bb2 Ka5 68. Ke3 Rc4 69. Rd3 Rc2 70. Rd2 Rxd2 71. Kxd2 Ka4 72. Kc3 Na5 73. Bc1 Nc4 0-1

[Event "Oberliga Sued W 0708"]
[Site "Germany"]
[Date "2007.11.25"]
[Round "3.7"]
[White "Drexel, Christian"]
[Black "Lormes, Gert"]
[Result "1-0"]
[WhiteElo "2160"]
[BlackElo "2013"]
[PlyCount "61"]
[EventDate "2007.10.21"]
[EventType "team-tourn"]
[EventRounds "9"]
[EventCountry "GER"]
[SourceTitle "EXT 2009"]
[Source "ChessBase"]
[SourceDate "2008.11.26"]
[SourceVersion "1"]
[SourceVersionDate "2008.11.26"]
[SourceQuality "1"]
[WhiteTeam "Frankenthal"]
[BlackTeam "Landau"]
[WhiteTeamCountry "GER"]
[BlackTeamCountry "GER"]

1. e4 c5 2. Nc3 Nc6 3. g3 g6 4. Bg2 d6 5. d3 Bg7 6. f4 e5 7. Nf3 Nge7 8. 0-0 0-0 9. Be3 Nd4 10. Qd2 Rb8 11. Rf2 b5 12. Raf1 b4 13. Nd1 Nec6 14. f5 gxf5 15. Nxd4 exd4 16. Bh6 Ne5 17. Bxg7 Kxg7 18. exf5 f6 19. Rf4 Rh8 20. Nf2 Bb7 21. Nh3 Qd7 22. Rh4 h5 23. Nf4 Kf7 24. Qe2 Rbg8 25. Rxh5 Bxg2 26. Rxh8 Rxh8 27. Qxg2 Ng4 28. Qd5+ Kg7 29. Ne6+ Kh7 30. Rf4 Rg8 31. Rxg4 1-0

[Event "Oberliga Sued W 0607"]
[Site "Germany"]
[Date "2006.10.15"]
[Round "1.8"]
[White "Daub, Markus"]
[Black "Drexel, Christian"]
[Result "1/2-1/2"]
[WhiteElo "2012"]
[BlackElo "2169"]
[PlyCount "37"]
[EventDate "2006.10.15"]
[EventType "team-tourn"]
[EventRounds "9"]
[EventCountry "GER"]
[SourceTitle "EXT 2009"]
[Source "ChessBase"]
[SourceDate "2008.11.26"]
[SourceVersion "1"]
[SourceVersionDate "2008.11.26"]
[SourceQuality "1"]
[WhiteTeam "Illingen"]
[BlackTeam "Frankenthal"]
[WhiteTeamCountry "GER"]
[BlackTeamCountry "GER"]

1. e4 g6 2. d4 Bg7 3. Nc3 d6 4. Be3 Nd7 5. Qd2 e5 6. Nf3 Ne7 7. dxe5 Nxe5 8. Nxe5 Bxe5 9. Bc4 Be6 10. Bb3 a6 11. f4 Bg7 12. Bd4 Bxd4 13. Qxd4 0-0 14. f5 gxf5 15. 0-0 c5 16. Qf6 c4 17. Qg5+ Kh8 18. Qf6+ Kg8 19. Qg5+ 1/2-1/2

[Event "Oberliga Sued W 0203"]
[Site "Germany"]
[Date "2003.02.09"]
[Round "7.7"]
[White "Ramroth, Stefan"]
[Black "Drexel, Christian"]
[Result "1/2-1/2"]
[WhiteElo "2027"]
[BlackElo "2256"]
[PlyCount "79"]
[EventDate "2002.10.??"]
[EventType "team"]
[EventRounds "9"]
[EventCountry "GER"]
[SourceTitle "EXT 2005"]
[Source "ChessBase"]
[SourceDate "2004.11.15"]
[SourceVersion "1"]
[SourceVersionDate "2004.11.15"]
[SourceQuality "1"]

1. c4 g6 2. Nc3 Bg7 3. g3 d6 4. Bg2 e5 5. d3 Ne7 6. e4 Nbc6 7. Nge2 Be6 8. 0-0 Qd7 9. Nd5 0-0 10. Bh6 f5 11. Bxg7 Kxg7 12. f4 fxe4 13. dxe4 Rae8 14. Qd2 Bg4 15. Rae1 Bxe2 16. Rxe2 Nd4 17. Ref2 Nxd5 18. cxd5 c5 19. fxe5 dxe5 20. Rxf8 Rxf8 21. Rxf8 Kxf8 22. Qg5 Qd6 23. h4 Kg7 24. h5 Qf6 25. h6+ Kf7 26. Qg4 g5 27. Qd7+ Qe7 28. Qg4 Kg6 29. Qh3 Qf8 30. Qd7 Ne2+ 31. Kh2 Qxh6+ 32. Bh3 Nd4 33. Qe8+ Kg7 34. Qxe5+ Qf6 35. Qc7+ Kh6 36. Qxc5 Qf2+ 37. Kh1 Qe1+ 38. Kh2 Qf2+ 39. Kh1 Qe1+ 40. Kh2 1/2-1/2

[Event "Oberliga Sued W 0203"]
[Site "Germany"]
[Date "2003.01.26"]
[Round "6.6"]
[White "Sandmeier, Toni"]
[Black "Drexel, Christian"]
[Result "1/2-1/2"]
[WhiteElo "2234"]
[BlackElo "2256"]
[PlyCount "56"]
[EventDate "2002.10.??"]
[EventType "team"]
[EventRounds "9"]
[EventCountry "GER"]
[SourceTitle "EXT 2005"]
[Source "ChessBase"]
[SourceDate "2004.11.15"]
[SourceVersion "1"]
[SourceVersionDate "2004.11.15"]
[SourceQuality "1"]

1. c4 g6 2. g3 Bg7 3. Bg2 d6 4. Nc3 e5 5. e3 Ne7 6. Nge2 0-0 7. 0-0 Nbc6 8. d3 Be6 9. Nd5 Qd7 10. Re1 Nd8 11. b3 Re8 12. Bb2 c6 13. Nxe7+ Rxe7 14. d4 f6 15. Qc2 Bh3 16. Bh1 Nf7 17. Rad1 Rae8 18. dxe5 fxe5 19. e4 Ng5 20. Bc1 Ne6 21. Be3 c5 22. Nc3 Rf7 23. Nd5 Ref8 24. Rd3 Nd4 25. Bxd4 exd4 26. f4 Be6 27. Bg2 Bxd5 28. cxd5 g5 1/2-1/2

[Event "Oberliga Sued W 0203"]
[Site "Germany"]
[Date "2002.09.29"]
[Round "1.7"]
[White "Kreuscher, Wolfgang2222"]
[Black "Drexel, Christian"]
[Result "0-1"]
[WhiteElo "1982"]
[BlackElo "2256"]
[PlyCount "84"]
[EventDate "2002.10.??"]
[EventType "team"]
[EventRounds "9"]
[EventCountry "GER"]
[SourceTitle "EXT 2005"]
[Source "ChessBase"]
[SourceDate "2004.11.15"]
[SourceVersion "1"]
[SourceVersionDate "2004.11.15"]
[SourceQuality "1"]

1. e4 g6 2. d4 Bg7 3. c4 d6 4. Nc3 Nd7 5. Nf3 e5 6. Be2 Ne7 7. 0-0 0-0 8. d5 h6 9. Ne1 f5 10. Bd2 f4 11. Bg4 g5 12. Nd3 Ng6 13. Rc1 Nf6 14. Bxc8 Rxc8 15. f3 h5 16. h3 Qd7 17. Nf2 Kh7 18. Qa4 Qf7 19. Qxa7 Ra8 20. Qxb7 Rfb8 21. Qc6 Ra7 22. Nb5 Ne7 23. Nxd6 cxd6 24. Qxd6 Rxb2 25. Bc3 Rbxa2 26. Nd3 Nc8 27. Qb8 Ra8 28. Qb3 R8a3 29. Qb8 Ra8 30. Qb1 Qa7+ 31. Rf2 Rxf2 32. Nxf2 Nd7 33. Qa1 Qxa1 34. Rxa1 Rxa1+ 35. Bxa1 Nc5 36. Bc3 Nb6 37. Bb4 Bf8 38. Kf1 Nxc4 39. Ke2 Kg8 40. h4 gxh4 41. Nh3 Ne3 42. Bc3 Bd6 0-1

[Event "Oberliga Sued W 0102"]
[Site "Germany"]
[Date "2002.02.03"]
[Round "?"]
[White "Drexel, Christian"]
[Black "Esswein, Karlheinz"]
[Result "1/2-1/2"]
[WhiteElo "2227"]
[BlackElo "2100"]
[PlyCount "50"]
[EventDate "2001.10.09"]
[EventType "team"]
[EventRounds "9"]
[EventCountry "GER"]
[SourceTitle "EXT 2003"]
[Source "ChessBase"]
[SourceDate "2002.11.25"]
[SourceVersion "1"]
[SourceVersionDate "2002.11.25"]
[SourceQuality "1"]

1. e4 c5 2. Nc3 e6 3. g3 d5 4. Bg2 Nf6 5. d3 dxe4 6. Nxe4 Nxe4 7. Bxe4 Nd7 8. Nh3 Nf6 9. Bg2 Bd6 10. 0-0 0-0 11. Qf3 Rb8 12. Nf4 b6 13. Nh5 Nxh5 14. Qxh5 Bb7 15. Bd2 Bxg2 16. Kxg2 Be7 17. Rae1 Bf6 18. Bc3 Bxc3 19. bxc3 Rb7 20. Re5 Rd7 21. Rfe1 Qa8+ 22. Kg1 Rfd8 23. R1e4 Rd5 24. c4 Rxe5 25. Qxe5 Qb8 1/2-1/2

[Event "Oberliga Sued W 0102"]
[Site "Germany"]
[Date "2001.09.23"]
[Round "?"]
[White "Drexel, Christian"]
[Black "Gundlach, Michael"]
[Result "1/2-1/2"]
[WhiteElo "2227"]
[BlackElo "2105"]
[PlyCount "73"]
[EventDate "2001.10.09"]
[EventType "team"]
[EventRounds "9"]
[EventCountry "GER"]
[SourceTitle "EXT 2003"]
[Source "ChessBase"]
[SourceDate "2002.11.25"]
[SourceVersion "1"]
[SourceVersionDate "2002.11.25"]
[SourceQuality "1"]

1. e4 g6 2. d4 Bg7 3. f4 d6 4. Nf3 Nf6 5. Nc3 c5 6. d5 0-0 7. Be2 b5 8. e5 dxe5 9. fxe5 Ng4 10. Nxb5 Nxe5 11. 0-0 Nbd7 12. c4 a6 13. Nc3 Rb8 14. Qe1 Nxf3+ 15. Bxf3 Ne5 16. Be2 e6 17. Qg3 exd5 18. Nxd5 Bb7 19. Bf4 Bxd5 20. Bxe5 Bxe5 21. Qxe5 Re8 22. Qf4 Rxe2 23. cxd5 Rbxb2 24. Qxf7+ Kh8 25. Rf6 Rxg2+ 26. Kh1 Rxh2+ 27. Kg1 Rbg2+ 28. Kf1 Rd2 29. Kg1 Rdg2+ 30. Kf1 Rc2 31. Kg1 Qc8 32. Rf4 Rhg2+ 33. Kf1 Rh2 34. Qf6+ Kg8 35. Qf7+ Kh8 36. Qf6+ Kg8 37. Qf7+ 1/2-1/2

[Event "Mehlingen PSB-ch MTA"]
[Site "Mehlingen"]
[Date "1999.04.04"]
[Round "9"]
[White "Lang, Torsten"]
[Black "Drexel, Christian"]
[Result "1-0"]
[WhiteElo "2239"]
[BlackElo "2185"]
[PlyCount "124"]
[EventDate "1999.??.??"]
[EventType "tourn"]
[EventRounds "9"]
[EventCountry "GER"]
[SourceTitle "EXT 2001"]
[Source "ChessBase"]
[SourceDate "2000.11.22"]
[SourceVersion "1"]
[SourceVersionDate "2000.11.22"]
[SourceQuality "1"]

1. d4 g6 2. e4 Bg7 3. Nc3 d6 4. Be3 Nd7 5. Nf3 e5 6. h3 Ne7 7. Bc4 0-0 8. Bb3 h6 9. dxe5 dxe5 10. Qd2 Kh7 11. 0-0-0 c6 12. Qd6 Qe8 13. h4 Bf6 14. h5 g5 15. Nh2 Ng8 16. g3 Be7 17. Qd2 Nc5 18. f4 Nxb3+ 19. axb3 f6 20. f5 b5 21. Qf2 a5 22. Bc5 a4 23. b4 Qf7 24. Ng4 Rd8 25. Bxe7 Rxd1+ 26. Rxd1 Qxe7 27. Qc5 Qxc5 28. bxc5 b4 29. Na2 b3 30. Nb4 bxc2 31. Rd8 Kg7 32. Kxc2 Ne7 33. Nd3 Ra5 34. Rd6 Nxf5 35. exf5 Bxf5 36. Ne3 Rxc5+ 37. Kd2 Bxd3 38. Kxd3 Kf7 39. g4 Rb5 40. Rxc6 Rxb2 41. Nf5 a3 42. Nxh6+ Ke7 43. Nf5+ Kf7 44. Rc7+ Ke6 45. Ra7 a2 46. Kc4 Rc2+ 47. Kd3 Rh2 48. Ke4 Re2+ 49. Ne3 Rh2 50. Ra6+ Kf7 51. Nd5 Re2+ 52. Kd3 Rg2 53. Rxf6+ Kg7 54. h6+ Kh7 55. Ra6 Rg3+ 56. Ne3 Rf3 57. Ke4 Rf2 58. Kxe5 Rb2 59. Ra7+ Kh8 60. Kf6 Rb5 61. Nf5 Rb2 62. Kxg5 Rc2 1-0

[Event "Eisenberg RLP-ch"]
[Site "Eisenberg"]
[Date "1998.07.25"]
[Round "11"]
[White "Drexel, Christian"]
[Black "Schumacher, Olaf"]
[Result "1/2-1/2"]
[WhiteElo "2190"]
[BlackElo "2330"]
[PlyCount "51"]
[EventDate "1998.08.??"]
[EventType "tourn"]
[EventRounds "11"]
[EventCountry "GER"]
[SourceTitle "EXT 2001"]
[Source "ChessBase"]
[SourceDate "2000.11.22"]
[SourceVersion "1"]
[SourceVersionDate "2000.11.22"]
[SourceQuality "1"]

1. e4 e6 2. d4 d5 3. e5 c5 4. c3 Nc6 5. Nf3 Bd7 6. Be2 cxd4 7. cxd4 f6 8. 0-0 fxe5 9. dxe5 Nh6 10. Nc3 Nf7 11. Bf4 g5 12. Nxg5 Nxg5 13. Bh5+ Nf7 14. Qg4 Ne7 15. Bg5 Qb6 16. Bxe7 Bxe7 17. Bxf7+ Kxf7 18. Nxd5 exd5 19. Qxd7 Qe6 20. Qxb7 Rhb8 21. Qc7 Rxb2 22. Rac1 Rg8 23. Rc6 Rxg2+ 24. Kxg2 Qg4+ 25. Kh1 Qf3+ 26. Kg1 1/2-1/2

[Event "Eisenberg RLP-ch"]
[Site "Eisenberg"]
[Date "1998.07.23"]
[Round "8"]
[White "Drexel, Christian"]
[Black "Walter, Berthold"]
[Result "1-0"]
[WhiteElo "2190"]
[BlackElo "2130"]
[PlyCount "93"]
[EventDate "1998.08.??"]
[EventType "tourn"]
[EventRounds "11"]
[EventCountry "GER"]
[SourceTitle "EXT 2001"]
[Source "ChessBase"]
[SourceDate "2000.11.22"]
[SourceVersion "1"]
[SourceVersionDate "2000.11.22"]
[SourceQuality "1"]

1. e4 e5 2. Bc4 Nf6 3. d3 Nc6 4. Nf3 d6 5. 0-0 Be7 6. c3 0-0 7. Bg5 h6 8. Bc1 Kh8 9. Nbd2 Ng8 10. d4 f6 11. Bxg8 Rxg8 12. d5 Nb8 13. c4 Qe8 14. b4 g5 15. Ba3 a5 16. Nb3 axb4 17. Bxb4 Na6 18. Bc3 Qg6 19. Qc2 h5 20. Nfd2 h4 21. Rae1 Bd7 22. Re3 Bf8 23. Rb1 g4 24. Rb2 Bh6 25. Re1 Raf8 26. Qd3 Bf4 27. Nf1 f5 28. a3 Rg7 29. c5 dxc5 30. g3 hxg3 31. fxg3 fxe4 32. Qxe4 Bf5 33. Qg2 c4 34. gxf4 cxb3 35. Bxe5 Nc5 36. Re3 Nd3 37. Rxb3 Nxe5 38. Rxe5 Bc2 39. Rc3 Bf5 40. Ng3 Qb6+ 41. Qf2 Qb1+ 42. Re1 Qb5 43. Qd4 Kg8 44. Rc5 Qd7 45. Qe5 c6 46. dxc6 bxc6 47. Nxf5 1-0

[Event "Eisenberg RLP-ch"]
[Site "Eisenberg"]
[Date "1998.07.22"]
[Round "6"]
[White "Drexel, Christian"]
[Black "Moeldner, Juergen"]
[Result "1-0"]
[WhiteElo "2190"]
[BlackElo "2275"]
[PlyCount "75"]
[EventDate "1998.08.??"]
[EventType "tourn"]
[EventRounds "11"]
[EventCountry "GER"]
[SourceTitle "EXT 2001"]
[Source "ChessBase"]
[SourceDate "2000.11.22"]
[SourceVersion "1"]
[SourceVersionDate "2000.11.22"]
[SourceQuality "1"]

1. e4 d5 2. exd5 Qxd5 3. Nc3 Qa5 4. Nf3 Nf6 5. Be2 Bg4 6. 0-0 e6 7. Nd4 Bxe2 8. Qxe2 c6 9. d3 Bb4 10. Bd2 0-0 11. a3 Bxc3 12. Bxc3 Qh5 13. Nf3 Nbd7 14. Rae1 Rfd8 15. Qd2 Nd5 16. Be5 f6 17. Bg3 Nf8 18. Re4 Rd7 19. Rfe1 Rad8 20. Qa5 b6 21. Qa4 Ne7 22. d4 c5 23. c3 cxd4 24. cxd4 Qd5 25. Rh4 Nf5 26. Rhe4 Rc8 27. Qa6 Rc4 28. Bb8 b5 29. b3 Rc3 30. Bxa7 Qa8 31. Qa5 Rxb3 32. Bb6 Qd5 33. Bc5 Nd6 34. R4e2 Nb7 35. Qb6 e5 36. Bxf8 Kxf8 37. dxe5 Qc5 38. Qe6 1-0

[Event "Hagenbach Pfalz-ch"]
[Site "Hagenbach"]
[Date "1998.??.??"]
[Round "?"]
[White "Haag, Guenter"]
[Black "Drexel, Christian"]
[Result "1/2-1/2"]
[WhiteElo "2210"]
[BlackElo "2150"]
[PlyCount "43"]
[EventDate "1998.??.??"]
[EventType "tourn"]
[EventRounds "9"]
[EventCountry "GER"]
[SourceTitle "EXT 2001"]
[Source "ChessBase"]
[SourceDate "2000.11.22"]
[SourceVersion "1"]
[SourceVersionDate "2000.11.22"]
[SourceQuality "1"]
[WhiteTeam "Schwarzenbach"]
[WhiteTeamCountry "GER"]

1. e4 g6 2. d4 Bg7 3. Nc3 d6 4. Nf3 Nd7 5. Bf4 e6 6. Qd2 a6 7. a4 Ndf6 8. h3 Nh5 9. Bg5 Bf6 10. Be3 Bd7 11. g4 Ng7 12. Bd3 Be7 13. Rg1 Nf6 14. Bh6 Bf8 15. e5 Ng8 16. Bg5 Be7 17. Ne4 Bc6 18. Qf4 Bxe4 19. Bxe4 d5 20. Bd3 h6 21. Bxe7 Qxe7 22. c3 1/2-1/2